[Event "EICC 2017"]
[Site "Minsk"]
[Date "2017.06.10"]
[Round "11"]
[White "Ivanisevic, Ivan"]
[Black "Kryakvin, Dmitry"]
[Result "0-1"]
[WhiteElo "2638"]
[BlackElo "2560"]
[Annotator "TA"]
[PlyCount "104"]
[EventDate "2017.??.??"]
[EventCountry "BLR"]
[SourceTitle "playchess.com"]
[Source "ChessBase"]
[SourceQuality "1"]

{[%evp 15,104,-1,-3,-26,-19,-30,-23,-20,-29,-37,-36,-27,-12,-22,-10,-8,14,-10,-15,-29,0,-7,-4,-26,-35,-57,-12,-31,-25,-109,-111,-120,-20,-32,-12,-9,-25,-106,-79,-150,-150,-146,-148,-145,-33,-58,0,0,0,0,0,-375,-332,-299,-285,-545,-544,-490,-503,-500,0,-449,-427,-417,-394,-714,-707,-881,-575,-866,-529,-659,-581,-794,-756,-2259,-1760,-5151,-789,-2357,-2203,-1708,-1563,-29990,-29990,-29990,-29991,-29991,-29992,-29992,-29993]} 1. e4 c5 2. Nf3 d6 3. c3 Nf6 4. g3 Nc6 5. d3 g6 6. Bg2 Bg7 7. O-O O-O 8. a3 Rb8 {LiveBook: 3 Games. A05: Réti Opening: 1 Nf3 Nf6} (8... e5 9. b4 b6 10. Re1 Bb7 11. Nbd2 Re8 12. Rb1 Qd7 13. Nc4 b5 14. Ne3 cxb4 15. axb4 a5 16. Nd5 Nxd5 17. exd5 {½-½ (28) Miroshnichenko,E (2628)-Heinemann,T (2479) Germany 2013}) 9. b4 b5 10. Re1 Bg4 $146 {Black has an edge.} ({Predecessor:} 10... a5 11. bxc5 dxc5 12. d4 Bg4 13. e5 Nd5 14. h3 Bxf3 15. Qxf3 e6 16. Bb2 Qb6 17. Qd1 Rfd8 {0-1 (36) Dos Santos,B (2016)-Mariano,M (2043) Rio de Janeiro 2011}) 11. h3 Bxf3 12. Bxf3 Nd7 {[%cal Bf6d7,Bd7c5,Bc5b3][%mdl 32]} 13. Bg2 Qc7 14. Be3 a5 {[%cal Ra5b4]} 15. bxc5 Nxc5 16. Ra2 (16. d4 $5 {[%cal Rd4c5]} Na4 17. Ra2 $11) 16... a4 17. e5 Nb3 18. exd6 (18. e6 $5) 18... Qxd6 19. Rae2 e5 20. f4 Rbc8 21. fxe5 $1 Bxe5 22. Bh6 (22. g4 $11) 22... Bxg3 $17 23. Rf1 Ne7 (23... Rfe8 $17 {White must now prevent ...Ne7.} 24. Rxe8+ Rxe8) 24. Bxf8 $11 Rxf8 25. d4 Nd5 26. Kh1 (26. Bxd5 $11 {keeps the balance.} Qxd5 27. Qd3) 26... Nf4 {[%mdl 1024] Black has strong compensation.} 27. Re4 ({Better is} 27. Rc2) 27... Nh5 $36 {[%mdl 2048] Black is in control.} ({Resist} 27... f5 28. Re3 $17) 28. Rg4 f5 29. Rg5 {And now Qxh5 would win.} Kh8 (29... Ng7 $1 $17 30. Qf3 Bh4) 30. Qd3 Bf4 {[#]} (30... Nc5 $15 31. Qxb5 Ne4 32. Rxh5 gxh5) 31. Rxh5 $1 $11 {[%mdl 512]} gxh5 32. Qxb5 Nc1 {...Rb8 is the strong threat.} 33. Bf3 $2 {[%mdl 8192]} ({Not} 33. Qxa4 $2 Ne2 $19) (33. Rf2 $11) 33... Qf6 34. Bg2 Qg5 35. Rf3 $2 {[#]} (35. Rxf4 {keeps fighting.} Qxf4 36. Nd2) 35... Rb8 $1 $19 {[%cal Rb8b5]} ({Weaker is} 35... Rg8 36. Qf1 $15) 36. Qa6 {With the idea Rxf4.} Rxb1 37. Qc8+ {[#]} Qg8 $2 ({Black should try} 37... Kg7 $1 $19 38. Qd7+ Kh6 39. Qc6+ Qg6) 38. Qxg8+ $4 {[%mdl 8192]} (38. Qxf5 $11 {and White stays safe.} Nd3+ 39. Bf1) 38... Kxg8 39. Rf1 Be3 40. Bc6 $2 (40. d5) 40... f4 41. Kg2 Kf8 42. Bxa4 Ra1 43. Bb5 Rxa3 44. d5 Ke7 45. c4 Kd6 46. Kf3 Nd3 47. Ke4 Nc5+ 48. Kf5 Ra8 {( -> ...f3!)} 49. Re1 Rf8+ {Black mates.} 50. Kg5 f3+ {[%cal Bf4f3,Bf3f2][%mdl 32]} 51. Kxh5 f2 52. Rf1 Rg8 {Precision: White = 21%, Black = 62%.} 0-1

[Event "EICC 2017"]
[Site "Minsk"]
[Date "2017.06.10"]
[Round "11"]
[White "Romanov, Evgeny"]
[Black "Steinberg, Nitzan"]
[Result "1/2-1/2"]
[WhiteElo "2636"]
[BlackElo "2532"]
[Annotator "TA"]
[PlyCount "86"]
[EventDate "2017.??.??"]
[EventCountry "BLR"]
[SourceTitle "playchess.com"]
[Source "ChessBase"]
[SourceQuality "1"]

{[%evp 9,86,0,2,0,18,18,26,35,28,18,23,21,28,35,35,27,81,52,74,70,87,64,82,39,39,35,33,34,57,34,34,0,47,45,77,70,84,45,53,41,55,48,63,56,58,70,65,42,72,54,68,73,38,8,11,0,0,0,0,0,0,-14,0,0,0,-27,0,0,0,0,0,-56,-58,-100,-116,-119,-103,-172,-153]} 1. d4 d5 2. c4 c6 3. cxd5 cxd5 4. Bg5 (4. Bf4 Nc6 5. e3 Bf5 6. Nc3 e6 7. Qb3 Bb4 8. Bb5 Bxc3+ 9. Qxc3 Nge7 10. Nf3 Rc8 11. O-O O-O 12. Qa3 Qb6 {½-½ (30) Vidit,S (2670)-Jobava,B (2712) Reykjavik 2017}) 4... f6 5. Bd2 $146 ({Predecessor:} 5. Bh4 Nc6 6. Nf3 Nh6 7. e3 g5 8. Bg3 Nf5 9. Bb5 h5 10. h3 Bh6 11. Bh2 Kf7 {0-1 (11) Guler,B (1788)-Bester,B (2329) ICCF email 2008}) 5... Nc6 6. Nc3 {D10: Slav Defence: 3 cxd5 (without early Nf3) and 3 Nc3} e6 7. Nf3 Bd6 8. e4 {White has an edge.} Nge7 9. Bd3 dxe4 10. Bxe4 O-O 11. O-O Kh8 12. Re1 Bc7 (12... Bd7 $11) 13. Qe2 Nd5 14. Rac1 Bb6 15. Bb1 Bd7 16. Na4 (16. Qd3 {is interesting.} g6 17. Ne4 Qb8 18. a3 Nce7 19. b4) 16... Rf7 17. Nc5 Bxc5 18. dxc5 Qg8 19. Rc4 {Hoping for Bxh7!} g5 20. Nd4 Ne5 21. Rcc1 Re8 22. Be4 Rfe7 23. Nb5 Bxb5 24. Qxb5 Nc6 25. b4 {[%cal Bb2b4,Bb4b5][%mdl 32]} Rd8 26. Qc4 e5 27. b5 Nd4 28. c6 bxc6 $1 29. bxc6 {[#] aiming for Bxd5.} Rc7 30. Qa6 Rd6 31. Be3 Rdxc6 ({Don't go for} 31... Rcxc6 $2 32. Rxc6 Rxc6 33. Qxa7 $18) 32. Rxc6 Nxc6 33. Bc5 {[#] Threatens to win with Bd6.} Qe6 34. Rd1 Nd4 35. Qa5 Nb6 36. h3 Rd7 $36 {[%mdl 2048] ...Ne2+ is the strong threat. White is under pressure.} 37. Kh2 (37. Bxd4 $5 Rxd4 38. Rxd4 exd4 39. Bd3 $11) 37... Nb3 38. axb3 Rxd1 39. Qxa7 {[%csl Ge4][%cal Ra7h7]} Nd7 40. b4 (40. Qc7 $11) 40... g4 $15 {And now ...f5 would win.} 41. Be3 f5 {[%cal Bf6f5,Bf5f4][%mdl 32]} 42. Bc2 Rd6 43. Qc7 (43. g3 $17) 43... f4 {Precision: White = 52%, Black = 54%.} 1/2-1/2

[Event "EICC 2017"]
[Site "Minsk"]
[Date "2017.06.10"]
[Round "11"]
[White "Bluebaum, Matthias"]
[Black "Naiditsch, Arkadij"]
[Result "1-0"]
[WhiteElo "2632"]
[BlackElo "2700"]
[Annotator "TA"]
[PlyCount "73"]
[EventDate "2017.??.??"]
[EventCountry "BLR"]
[SourceTitle "playchess.com"]
[Source "ChessBase"]
[SourceQuality "1"]

{[%evp 22,73,21,21,28,14,54,50,44,53,47,50,64,56,67,66,79,77,101,100,106,85,142,62,48,45,54,55,57,74,183,183,183,183,183,183,183,183,240,239,225,199,199,199,199,199,214,211,203,196,417,395,395,387]} 1. d4 Nf6 2. c4 e6 3. Nc3 d5 4. cxd5 exd5 5. Bg5 c6 6. e3 Bf5 7. Qf3 Bg6 8. Bxf6 Qxf6 9. Qxf6 gxf6 10. Nf3 Nd7 {D35: Queen's Gambit Declined: Exchange Variation} 11. Nh4 Nb6 (11... Be7 12. g3 Nb6 13. O-O-O Nc8 14. Bd3 Nd6 15. Ng2 Bxd3 16. Rxd3 f5 17. Nf4 a5 18. Kd1 {1-0 (38) Tomashevsky,E (2716)-Ganguly,S (2668) Doha 2016}) 12. f4 {[%cal Bf2f4,Bf4f5][%mdl 32] LiveBook: 5 Games} h5 {The position is equal.} 13. Kf2 Nc8 {[#]} 14. f5 $146 ({Predecessor:} 14. h3 Nd6 15. g4 Be4 16. Nxe4 Nxe4+ 17. Kf3 Nd6 18. Bd3 {½-½ (50) Schramm,A (2529)-Sikorsky,H (2470) ICCF email 2012}) 14... Bh7 15. h3 Nd6 16. g4 Kd7 17. Bd3 Bh6 18. Ng2 Rae8 19. Kf3 Re7 20. Nf4 Bg5 21. Rae1 Rhe8 {[#]} ({Black should play} 21... Kc8) 22. e4 (22. Ncxd5 $1 $16 {[%mdl 512]} cxd5 23. Nxd5) 22... hxg4+ $14 23. hxg4 Bxf5 $1 24. gxf5 Nxf5 25. Ng2 Bd2 (25... Nxd4+ $16 {was called for.} 26. Kf2 dxe4 27. Rxe4 Ne6) 26. exf5 $18 Rxe1 27. Nxe1 Rxe1 28. Rxe1 Bxe1 29. Ke3 a5 (29... Ke7 {might work better.} 30. Nd1 Kd6) 30. Na4 Kd6 31. Be2 Bg3 32. Nc5 b6 33. Na4 b5 34. Nc5 Ke7 35. a4 b4 $2 {[#]} (35... bxa4 36. Nxa4 Bd6) 36. Nb3 Bc7 37. Kf3 {Precision: White = 90%, Black = 34%.} 1-0

[Event "EICC 2017"]
[Site "Minsk"]
[Date "2017.06.10"]
[Round "11"]
[White "Yilmaz, Mustafa"]
[Black "Tomashevsky, Evgeny"]
[Result "1/2-1/2"]
[WhiteElo "2630"]
[BlackElo "2696"]
[Annotator "TA"]
[PlyCount "53"]
[EventDate "2017.??.??"]
[EventCountry "BLR"]
[SourceTitle "playchess.com"]
[Source "ChessBase"]
[SourceQuality "1"]

{[%evp 15,53,36,30,13,35,30,33,0,26,0,36,31,27,21,22,32,29,24,38,25,37,35,39,36,36,39,39,39,57,45,58,61,59,31,42,38,57,54,50,32]} 1. d4 Nf6 2. c4 e6 3. Nf3 b6 4. g3 Bb7 5. Bg2 Bb4+ 6. Bd2 a5 7. O-O O-O 8. Bf4 Be7 9. Qc2 {E16: Queen's Indian: 4 g3 Bb7 5 Bg2 Bb4+} Be4 (9... d5 10. Ne5 Qc8 11. Bg5 dxc4 12. Bxb7 Qxb7 13. Qxc4 c5 14. Nc3 cxd4 15. Qxd4 Nc6 16. Nxc6 Qxc6 17. Rac1 Rfd8 18. Qf4 Nh5 19. Qh4 Bxg5 20. Qxg5 Nf6 {½-½ (20) Tomashevsky,E (2724)-Rapport,R (2729) Germany 2017}) 10. Qc1 Bb7 11. Qc2 Be4 12. Qc1 Bb7 13. Nc3 Ne4 14. Rd1 d6 15. Nxe4 $146 ({Predecessor:} 15. d5 Nxc3 16. Qxc3 e5 17. Bc1 Nd7 18. e4 Nc5 {½-½ (34) Varela,G (2382)-Manzone,A (2036) Chapadmalal 2003}) 15... Bxe4 16. Qe3 Bb7 17. Qd3 Nd7 18. Ng5 {White is slightly better.} Bxg5 19. Bxb7 Rb8 20. Bxg5 Qxg5 21. Bc6 Rfd8 22. a3 {[%cal Ba2a3,Ba3b4][%mdl 32]} Nf8 {[%cal Bd7f8,Bf8g6,Bg6e7][%mdl 32]} 23. b4 Ng6 24. Qc3 Ne7 25. Bf3 axb4 26. axb4 c5 27. dxc5 {Precision: White = 73%, Black = 64%.} 1/2-1/2

[Event "EICC 2017"]
[Site "Minsk"]
[Date "2017.06.10"]
[Round "11"]
[White "Yilmaz, Mustafa"]
[Black "Tomashevsky, Evgeny"]
[Result "*"]
[WhiteElo "2630"]
[BlackElo "2696"]
[Annotator "TA"]
[PlyCount "36"]
[EventDate "2017.??.??"]
[EventCountry "BLR"]
[SourceTitle "playchess.com"]
[Source "ChessBase"]
[SourceQuality "1"]

{[%evp 15,27,20,25,9,34,37,27,0,19,0,37,33,30,33]} 1. d4 Nf6 2. c4 e6 3. Nf3 b6 4. g3 Bb7 5. Bg2 Bb4+ 6. Bd2 a5 7. O-O O-O 8. Bf4 Be7 9. Qc2 {E16: Queen's Indian: 4 g3 Bb7 5 Bg2 Bb4+} Be4 (9... d5 10. Ne5 Qc8 11. Bg5 dxc4 12. Bxb7 Qxb7 13. Qxc4 c5 14. Nc3 cxd4 15. Qxd4 Nc6 16. Nxc6 Qxc6 17. Rac1 Rfd8 18. Qf4 Nh5 19. Qh4 Bxg5 20. Qxg5 Nf6 {½-½ (20) Tomashevsky,E (2724)-Rapport,R (2729) Germany 2017}) 10. Qc1 Bb7 11. Qc2 Be4 12. Qc1 Bb7 13. Nc3 Ne4 14. Rd1 {Predecessor:} Nxc3 $146 15. Qxc3 d6 16. Ne1 Bxg2 17. Nxg2 Nd7 18. e4 Bg5 {1-0 (58) Gavrikov,V (2516)-Meijers,V (2471) Germany 2010} *

[Event "EICC 2017"]
[Site "Minsk"]
[Date "2017.06.10"]
[Round "11"]
[White "Kovalev, Vladislav"]
[Black "Chigaev, Maksim"]
[Result "*"]
[WhiteElo "2629"]
[BlackElo "2559"]
[Annotator "TA"]
[PlyCount "45"]
[EventDate "2017.??.??"]
[EventCountry "BLR"]
[SourceTitle "playchess.com"]
[Source "ChessBase"]
[SourceQuality "1"]

{[%evp 28,34,8,2,45,3,4,0,0]} 1. e4 c5 2. Nf3 e6 3. d4 cxd4 4. Nxd4 Nc6 5. Nc3 Qc7 6. Be2 a6 7. O-O Nf6 8. Be3 Be7 9. f4 d6 10. Qe1 O-O 11. Kh1 Nxd4 12. Bxd4 b5 13. a3 Bb7 14. Qg3 Bc6 15. Rae1 Rac8 {B85: Sicilian Scheveningen: 6 Be2 a6, lines with early Be3} 16. Bd3 e5 17. fxe5 Nh5 {[#]} {Predecessor:} 18. Qg4 $146 dxe5 19. Nd5 Bxd5 20. exd5 exd4 21. Qe4 g6 22. Qxe7 Qxe7 23. Rxe7 {½-½ (31) Pichot,A (2536)-Wei,Y (2717) Baku 2016} *

[Event "EICC 2017"]
[Site "Minsk"]
[Date "2017.06.10"]
[Round "11"]
[White "Kovalev, Vladislav"]
[Black "Chigaev, Maksim"]
[Result "1/2-1/2"]
[WhiteElo "2629"]
[BlackElo "2559"]
[Annotator "TA"]
[PlyCount "52"]
[EventDate "2017.??.??"]
[EventCountry "BLR"]
[SourceTitle "playchess.com"]
[Source "ChessBase"]
[SourceQuality "1"]

{[%evp 37,48,0,0,0,0,0,0,0,0,0,0,0,0]} 1. e4 c5 2. Nf3 e6 3. d4 cxd4 4. Nxd4 Nc6 5. Nc3 Qc7 6. Be2 a6 7. O-O Nf6 8. Be3 Be7 9. f4 d6 10. Qe1 O-O 11. Kh1 Nxd4 12. Bxd4 b5 13. a3 Bb7 14. Qg3 Bc6 15. Rae1 Rac8 {B85: Sicilian Scheveningen: 6 Be2 a6, lines with early Be3} (15... Qb7 16. Bd3 b4 17. Nd1 bxa3 18. bxa3 g6 19. Nf2 Rfc8 20. Qh3 Qd7 21. Ba1 Bb5 22. e5 dxe5 23. fxe5 Nd5 24. Ne4 Bxd3 25. cxd3 {1-0 (37) Areshchenko,A (2654)-Fier,A (2616) Warsaw 2016}) 16. Bd3 e5 17. fxe5 Nh5 18. Qh3 dxe5 19. Nd5 Bxd5 $1 {LiveBook: 4 Games. The position is equal.} 20. Bxe5 ({Don't do} 20. exd5 exd4 21. Qxh5 g6 $14) 20... Qxe5 21. exd5 Qg5 {[#] Hoping for ...g6.} 22. Rf5 Qh4 23. Qxh4 Bxh4 24. Rxh5 Bxe1 {Predecessor:} 25. Bxh7+ $146 Kh8 26. Bd3+ Kg8 {½-½ (26) Berbatov,K (2170)-Ivanov,J (2370) Erandio 2007} 1/2-1/2

[Event "EICC 2017"]
[Site "Minsk"]
[Date "2017.06.10"]
[Round "11"]
[White "Kobalia, Mikhail"]
[Black "Shomoev, Anton"]
[Result "1-0"]
[WhiteElo "2624"]
[BlackElo "2550"]
[Annotator "TA"]
[PlyCount "109"]
[EventDate "2017.??.??"]
[EventCountry "BLR"]
[SourceTitle "playchess.com"]
[Source "ChessBase"]
[SourceQuality "1"]

{[%evp 12,109,32,21,24,25,9,0,20,14,12,12,12,12,48,42,56,45,57,54,58,58,66,62,54,59,70,64,75,76,68,39,49,34,49,20,38,8,8,20,4,7,47,47,47,47,58,58,56,52,42,33,33,33,51,42,95,81,131,143,140,125,373,382,384,347,326,377,451,447,446,249,739,742,712,682,1010,1003,975,671,935,866,878,808,29956,29965,29953,11647,8893,6483,29975,29977,29977,29978,29978,29979,29979,29980,29978,29974]} 1. e4 c5 2. Nf3 Nc6 3. Bb5 g6 4. Bxc6 bxc6 5. O-O Bg7 6. Re1 Rb8 {B31: Sicilian: 2...Nc6 3 Bb5 g6} 7. h3 {LiveBook: 3 Games} e5 $146 ({Predecessor:} 7... Qc7 8. c3 Nf6 9. e5 Nd5 10. c4 Nb4 11. d4 cxd4 12. a3 Na6 13. Qxd4 O-O 14. c5 {1-0 (42) Giri,A (2773)-Grischuk,A (2781) Stavanger 2015}) 8. c3 Ne7 {White has an edge.} 9. Qa4 Qc7 10. d4 exd4 11. cxd4 cxd4 12. Nxd4 c5 13. Nb5 Qc6 14. N1c3 a6 15. Na7 Qxa4 16. Nxa4 d6 17. Nxc8 Nxc8 18. e5 dxe5 19. Nxc5 Rb6 20. b3 Rc6 21. Ba3 O-O $1 22. Ne4 Re8 23. Rac1 Na7 24. Red1 f5 25. Rd7 Rxc1+ 26. Bxc1 {And now Bh6 would win.} Nb5 27. Bh6 Bxh6 28. Nf6+ Kf8 {aiming for ...Re6.} 29. Nxh7+ Kg8 {Strongly threatening ...Re6.} 30. Nf6+ Kf8 {...Re6 is the strong threat.} 31. Nxe8 Kxe8 32. Rb7 Bd2 33. Rb6 {[%mdl 1024] White has compensation.} Kf7 (33... e4 $14) 34. Rxa6 $16 Nd4 35. h4 f4 36. Kf1 e4 $2 (36... Nf5 $16 {was necessary.}) 37. Ra4 $1 $18 {[%cal Ra4d4]} Bc3 38. Rc4 Bb2 {[#]} 39. b4 $1 e3 40. fxe3 fxe3 41. b5 (41. a4 $142) 41... Ke6 $2 (41... e2+ 42. Kf2 Ke6) 42. b6 {[%cal Bb5b6,Bb6b7][%mdl 32]} Kd5 43. Rc8 {Threatens to win with b7.} Ba3 44. b7 e2+ 45. Kf2 Bb4 {[%csl Gb4][%cal Re2e1]} 46. Re8 ({Not} 46. Rd8+ Kc6 $11) 46... e1=Q+ 47. Rxe1 Bxe1+ 48. Kxe1 {[%mdl 4096] Endgame KN-KP} Nc6 49. g4 Kd6 50. h5 {[%cal Bh4h5,Bh5g6,Bg6g7][%mdl 32]} Kc7 51. hxg6 {White mates.} Kxb7 52. g7 Ne7 53. Ke2 Kc6 {[#]} 54. a4 $1 Kc5 55. Kd3 {Precision: White = 87%, Black = 41%.} 1-0

[Event "EICC 2017"]
[Site "Minsk"]
[Date "2017.06.10"]
[Round "11"]
[White "Fedorchuk, Sergey A"]
[Black "Blomqvist, Erik"]
[Result "1-0"]
[WhiteElo "2621"]
[BlackElo "2546"]
[Annotator "TA"]
[PlyCount "79"]
[EventDate "2017.??.??"]
[EventCountry "BLR"]
[SourceTitle "playchess.com"]
[Source "ChessBase"]
[SourceQuality "1"]

{[%evp 25,79,0,0,0,0,0,0,0,0,0,0,0,0,0,0,0,0,0,0,0,0,0,0,0,0,0,0,0,0,0,55,0,73,65,152,102,79,102,172,172,552,551,620,615,707,707,707,441,1015,544,1225,1221,1221,814,6275,6275]} 1. e4 c5 2. Nf3 Nc6 3. Bb5 g6 4. Bxc6 bxc6 5. O-O Bg7 6. Re1 Nh6 7. c3 O-O 8. d4 cxd4 9. cxd4 d5 10. e5 {B31: Sicilian: 2...Nc6 3 Bb5 g6} f6 11. h3 (11. exf6 exf6 12. Nbd2 Re8 13. Nb3 Nf7 14. Nc5 Bg4 15. Rxe8+ Qxe8 16. h3 Bxf3 17. Qxf3 Qe1+ {0-1 (51) Inarkiev,E (2730)-Gelfand,B (2734) Magas 2016}) 11... fxe5 12. Nxe5 Qb6 13. b3 Nf7 {LiveBook: 6 Games} 14. Bf4 {[#]} Nd6 $146 ({Predecessor:} 14... Nxe5 15. Bxe5 Bxe5 16. Rxe5 Rf4 17. Rxe7 Bf5 {½-½ (54) Jayakumaar,S (2211)-Horvath,A (2501) Mumbai 2016}) 15. Be3 Nf5 $1 16. Nc3 Bxe5 $1 17. dxe5 Nxe3 18. fxe3 Be6 19. Na4 Qc7 20. Qd4 Rf5 21. Rac1 Qxe5 {Threatens to win with ...Qg3.} 22. Qxe5 Rxe5 23. Rxc6 Bd7 24. Ra6 Rc8 25. Rxa7 Bf5 26. b4 Rc2 27. Nc5 h5 (27... Bxh3 $11 28. gxh3 Rg5+ 29. Kh1 Rg3) 28. a4 ({White should try} 28. a3 $14) 28... h4 (28... Bxh3 $11 29. Ra8+ (29. gxh3 Rg5+ 30. Kf1 Rf5+ 31. Kg1 Rg5+ 32. Kf1 Rf5+ 33. Kg1 Rg5+ $11) 29... Kh7 30. gxh3 Rg5+ 31. Kh1 Rgg2) 29. Kh2 $36 {[%mdl 2048] White is pushing.} d4 (29... Be4 $14 30. Nxe4 Rxe4) 30. e4 {[%cal Be3e4,Be4f5][%mdl 32] And now a5 would win.} d3 {[#] White should prevent ...d2.} 31. Ra8+ $1 Kg7 32. Rd8 ({Not} 32. Nxd3 Bxe4 33. Nf4 Rf2 $17) 32... Re2 $2 (32... Rc4) 33. exf5 $18 {White is clearly winning.} Rxe1 34. Nxd3 Rd1 {[#] Hoping for ...Re3.} 35. Nxe5 Rxd8 {KR-KN} 36. a5 {[%cal Ba4a5,Ba5a6,Ba6a7][%mdl 32]} gxf5 (36... Rd6 $142 37. fxg6 (37. Nxg6 Rd4 $11) 37... e6) 37. a6 Rd2 38. a7 Ra2 39. Nc6 e5 40. Na5 {Precision: White = 96%, Black = 40%.} 1-0

[Event "EICC 2017"]
[Site "Minsk"]
[Date "2017.06.10"]
[Round "11"]
[White "Popov, Ivan"]
[Black "Hakobyan, Aram"]
[Result "0-1"]
[WhiteElo "2618"]
[BlackElo "2449"]
[Annotator "TA"]
[PlyCount "142"]
[EventDate "2017.??.??"]
[EventCountry "BLR"]
[SourceTitle "playchess.com"]
[Source "ChessBase"]
[SourceQuality "1"]

{[%evp 9,142,20,18,10,11,10,16,17,12,13,20,11,24,27,25,27,27,19,22,12,35,0,0,-11,0,0,0,0,0,0,0,-11,25,-27,-23,-28,-34,-37,-8,-13,-18,-36,0,0,0,-14,0,0,0,0,0,0,0,-31,0,-28,14,0,49,36,69,69,82,77,98,-25,-18,-20,-8,-19,-17,-18,0,-157,-169,-183,-180,-302,-321,-365,-341,-339,-308,-329,-143,-188,-193,-185,-190,-181,-162,-181,-153,-150,-143,-126,-99,-113,-97,-111,-82,-249,-240,-252,-223,-252,-252,-252,-250,-250,-242,-249,-248,-249,-247,-229,-196,-372,-372,-391,-368,-12847,-354,-345,-336,-438,-441,-1764,-1668,-1611,-1485,-1266,-894,-12850,-12850]} 1. e4 e5 2. Nf3 Nc6 3. Bc4 Bc5 4. d3 Nf6 5. O-O O-O 6. h3 {C50: Hungarian Defence and Giuoco Pianissimo} a6 7. a4 h6 8. Re1 {The position is equal.} d6 9. c3 Ba7 10. Nbd2 {[%cal Bb1d2,Bd2f1,Bf1e3,Be3g4][%mdl 32]} Ne7 11. Nf1 Ng6 12. Ba2 Nh5 $146 ({Predecessor:} 12... Re8 13. Ng3 Be6 14. Bxe6 Rxe6 15. d4 Qd7 {½-½ (44) Giri,A (2782)-Caruana,F (2804) Leuven 2016}) 13. d4 Qf6 14. Ne3 Nhf4 15. Ng4 Qe7 16. Bc4 Bxg4 17. hxg4 Qd7 18. Nh2 exd4 19. cxd4 d5 20. Bb3 {[%cal Bc4b3,Bb3c2,Bc2f5][%mdl 32]} (20. exd5 $5 {[%cal Rd1f3]} Rae8 21. Bxf4 Nxf4 22. Qf3 Rxe1+ 23. Rxe1 Qxa4 24. Rc1 $11) 20... c6 21. e5 ({White should try} 21. Bxf4 Nxf4 22. Qd2) 21... f6 $11 22. e6 Nxe6 23. Bc2 Ne7 24. Nf3 Rfe8 25. Ra3 {next Rae3 is good for White.} Nf8 26. Nh4 g5 27. Nf3 Neg6 28. Bf5 Qf7 29. Rb3 Rxe1+ 30. Qxe1 Re8 31. Qb4 Re7 32. g3 Qe8 33. Bd2 {[%cal Bc1d2,Bd2b4,Bb4a3][%mdl 32]} Qd8 34. Qa5 {[%mdl 1024] White has compensation.} Qb8 35. Bb4 $1 {[%cal Rb4e7]} Re8 36. Ba3 Ne7 37. Qb4 ({Better is} 37. Bc2 $16) 37... Nxf5 38. gxf5 b5 39. axb5 axb5 40. Rc3 g4 $36 {[%mdl 2048] Black has good play.} 41. Nd2 $2 (41. Nh4 $11 Qb7 42. Re3) 41... Qc8 $1 $17 42. Nf1 Qxf5 {Strongly threatening ...Ne6.} 43. Rxc6 (43. Re3 $142 Qd7 44. Rxe8 Qxe8 45. Ne3) 43... Ne6 $19 44. Ne3 Qb1+ 45. Kh2 Qe4 $1 (45... Nxd4 46. Rxf6 Qe4 47. Rf8+ Kg7 48. Rxe8 $15) 46. Ra6 Bb8 (46... Nxd4 $19 {is more deadly.} 47. Rxa7 Nf3+ 48. Kg2 d4 49. Qb3+ Kh8) 47. Qxb5 {[#]} Bxg3+ $1 {[%mdl 512]} 48. fxg3 Nc7 49. Qf1 Nxa6 ({Stronger than} 49... Qxe3 50. Rxf6 Qd2+ 51. Rf2 $11) 50. Qxf6 Qe6 ({Weaker is} 50... Qxe3 51. Qg6+ Kh8 52. Qf6+ Kh7 53. Qf7+ Kh8 54. Qf6+ Kh7 55. Qf7+ Kh8 56. Qf6+ $11) 51. Qxe6+ Rxe6 52. Nxg4 $17 {[%mdl 4096] Endgame KRN-KBN} Re2+ 53. Kh3 {[#]} Kg7 $1 {And now ...Nc7 would win.} 54. Bd6 Rxb2 {Threatens to win with ...Kg6.} 55. Bf4 $2 (55. Ne3 $17 {was forced.}) 55... h5 $19 56. Ne3 Rb5 57. g4 hxg4+ 58. Kxg4 {Now Kf5 and White clings on.} Kf6 59. Be5+ Ke6 60. Ng2 Nb4 61. Nf4+ Kd7 62. Kf5 Nc2 63. Nd3 $2 (63. Kg4) 63... Rb1 64. Nf4 Ne3+ 65. Kf6 $2 (65. Kg5) 65... Rf1 $2 (65... Ng4+ 66. Kf5 Nxe5 67. dxe5 Rf1) 66. Kg5 Kc6 67. Ne6 Kb5 {Black is clearly winning.} 68. Bf4 (68. Bf6 $142) 68... Nc2 69. Be5 Kc4 70. Kg4 Rd1 71. Kf3 Nxd4+ {Precision: White = 53%, Black = 69%.} 0-1

[Event "EICC 2017"]
[Site "Minsk"]
[Date "2017.06.10"]
[Round "11"]
[White "Kozul, Zdenko"]
[Black "Meskovs, Nikita"]
[Result "0-1"]
[WhiteElo "2617"]
[BlackElo "2479"]
[Annotator "TA"]
[PlyCount "84"]
[EventDate "2017.??.??"]
[EventCountry "BLR"]
[SourceTitle "playchess.com"]
[Source "ChessBase"]
[SourceQuality "1"]

{[%evp 18,84,36,43,43,12,12,17,38,31,50,56,49,47,73,75,69,67,85,55,47,47,52,49,61,41,37,37,58,58,80,24,29,21,32,0,72,25,39,-27,-53,-106,-108,-116,-96,-73,-70,-230,-230,-213,-216,-194,-183,-162,-177,-173,-172,-177,-146,-242,-235,-302,-309,-297,-252,-576,-540,-859,-851]} 1. d4 Nf6 2. c4 e6 3. Nf3 c5 4. d5 exd5 5. cxd5 d6 6. Nc3 g6 7. Bf4 Bg7 8. h3 O-O 9. e3 {[%cal Be2e3,Be3e4][%mdl 32]} a6 10. a4 Ne8 {A61: Modern Benoni: Nf3 without early e4} 11. Bc4 Nd7 12. O-O Qe7 {The position is equal.} 13. Re1 $146 ({Predecessor:} 13. a5 Rb8 14. Qe2 Nc7 15. Rfd1 Re8 16. Na4 b5 17. axb6 Nxb6 18. Nxc5 Nbxd5 {0-1 (65) Volkov,S (2604)-Vavulin,M (2507) Voronezh 2016}) 13... h6 14. e4 g5 15. Bg3 Rb8 16. Qd2 Ne5 17. Nxe5 Bxe5 18. Bxe5 Qxe5 19. a5 b5 20. axb6 $1 Rxb6 21. b3 Nf6 {[%cal Be8f6,Bf6h5,Bh5f4][%mdl 32]} 22. Re3 Nh5 23. Rae1 Bd7 24. Nd1 ({White should try} 24. Nb1 $16) 24... Nf4 $11 25. Nb2 Rfb8 26. h4 g4 (26... gxh4 $11 27. Nd3 Nxd3 28. Rxd3 Kh7) 27. g3 (27. Bf1 $5 {[%cal Rb2c4]}) 27... Ng6 $1 28. Be2 (28. Bf1 $14) 28... Rxb3 29. Rxb3 (29. Nc4 $15 Qd4 30. Qc1) 29... Rxb3 $17 30. Nc4 {[#]} Qd4 $1 ({Much weaker is} 30... Qxe4 $6 31. Qxh6 Qxd5 32. Rd1 $11) 31. Qxd4 cxd4 32. Rd1 $2 (32. Ra1 $15) 32... Bb5 $19 {Hoping for ...Ne5.} 33. Bf1 Bxc4 34. Bxc4 {[%mdl 4096] Endgame KRB-KRN} Ra3 {Threatens to win with ...Ne5.} 35. Be2 Ne5 {And now ...d3 would win.} 36. Rxd4 a5 37. Kf1 Ra2 38. Bd1 (38. Ke1 $17 {was called for.}) 38... Kg7 39. Ra4 {[#]} Rxa4 $1 40. Bxa4 Nd3 41. Bd1 $2 (41. e5 {is tougher.} dxe5 42. Ke2) 41... Kf6 42. Be2 Nc5 {Precision: White = 34%, Black = 64%.} 0-1